<?xml version="1.0" encoding="UTF-8"?><?xml-stylesheet type="text/xsl" href="static/style.xsl"?><OAI-PMH xmlns="http://www.openarchives.org/OAI/2.0/" xmlns:xsi="http://www.w3.org/2001/XMLSchema-instance" xsi:schemaLocation="http://www.openarchives.org/OAI/2.0/ http://www.openarchives.org/OAI/2.0/OAI-PMH.xsd"><responseDate>2026-06-07T07:13:46Z</responseDate><request verb="GetRecord" identifier="oai:riuma.uma.es:10630/26839" metadataPrefix="marc">https://riuma.uma.es/rest/oai/request</request><GetRecord><record><header><identifier>oai:riuma.uma.es:10630/26839</identifier><datestamp>2026-02-03T11:52:36Z</datestamp><setSpec>com_10630_2254</setSpec><setSpec>col_10630_37959</setSpec></header><metadata><record xmlns="http://www.loc.gov/MARC21/slim" xmlns:dcterms="http://purl.org/dc/terms/" xmlns:doc="http://www.lyncode.com/xoai" xmlns:xsi="http://www.w3.org/2001/XMLSchema-instance" xsi:schemaLocation="http://www.loc.gov/MARC21/slim http://www.loc.gov/standards/marcxml/schema/MARC21slim.xsd">
   <leader>00925njm 22002777a 4500</leader>
   <datafield ind2=" " ind1=" " tag="042">
      <subfield code="a">dc</subfield>
   </datafield>
   <datafield ind2=" " ind1=" " tag="720">
      <subfield code="a">Blanco Fajardo, Sergio</subfield>
      <subfield code="e">author</subfield>
   </datafield>
   <datafield ind2=" " ind1=" " tag="260">
      <subfield code="c">2023</subfield>
   </datafield>
   <datafield ind2=" " ind1=" " tag="520">
      <subfield code="a">Las emisiones radiofónicas para el extranjero en español de la Radiodifusión Televisión Francesa (RTF), denominadas popularmente como «Radio París», recogieron una serie de problemáticas relativas al país Peninsular entre las que destacaron el antifranquismo y el exilio, aunque en lo que concierne a nuestro estudio, el fenómeno de la emigración económica española fue el acontecimiento que acaparó mayor atención a partir de los años 60. En este sentido, los programas desplegaron en sus discursos, más allá de la labor de resistencia frente a la Dictadura de Franco, un conjunto de símbolos, representaciones y prácticas para construir un medio de integración y mediación cultural. Nuestro marco analítico explora en qué medida la radio incidió en las múltiples facetas manifestadas por estas comunidades transnacionales. Con él, intentamos dar respuesta a la función de la radio para generar redes transnacionales y translocales al mismo tiempo que construía productos culturales exclusivos para la comunidad diaspórica. Lo sustancial de estas creaciones culturales fue su capacidad para integrar ambas culturas, la francesa y la española, revelando unas formas híbridas. La composición de una cultura híbrida muestra las mediaciones que la radio mantuvo con la emigración española y el uso de una tecnología comunicativa con el fin de facilitar la reterritorialización de estas comunidades transnacionales.  Para indagar sobre estas cuestiones,  nuestras fuentes primarias se basan en el estudio del discurso radiofónico inscrito en las emisiones de «Radio París» y en las cartas enviadas a la redacción de la emisora por las personas emigrantes.</subfield>
   </datafield>
   <datafield ind1="8" ind2=" " tag="024">
      <subfield code="a">https://hdl.handle.net/10630/26839</subfield>
   </datafield>
   <datafield tag="653" ind2=" " ind1=" ">
      <subfield code="a">Radio - Aspectos sociales</subfield>
   </datafield>
   <datafield tag="653" ind2=" " ind1=" ">
      <subfield code="a">Radio París Internacional (1946-1976) - Historia</subfield>
   </datafield>
   <datafield tag="653" ind2=" " ind1=" ">
      <subfield code="a">Emigrantes españoles - Francia - S. XX</subfield>
   </datafield>
   <datafield ind2="0" ind1="0" tag="245">
      <subfield code="a">La emigración económica española en Francia a través de las emisiones de "Radio París" (1960-1975). Encuentros y mediaciones.</subfield>
   </datafield>
</record>
</metadata></record></GetRecord></OAI-PMH>